000 00280nam a22001337a 4500
008 170329b xxu||||| |||| 00| 0 eng d
020 _a079837759221
041 _aeng
080 _a796.3
100 _a8
101 _aSHM
245 _aBASEBALL GUIDE
_cSLOAN, D
942 _2udc
_cBK
999 _c8908
_d8908